Coco-Lorenzo(parole) - Statistiques

Statistiques générales
  • Ce quiz a été pris 91 fois
  • Le résultat moyen est 181 sur 232
Statistiques - réponses
Parole % Correct
a
96%
un
96%
ce
95%
sa
95%
il
93%
la
93%
peu
93%
trop
93%
cocaine
92%
coco
92%
aimait
91%
oiseau
91%
d'un
89%
l'histoire
89%
qui
89%
c'est
88%
mon
88%
de
85%
et
85%
au
84%
soir
84%
ami
82%
s'appelait
82%
est
81%
mort
81%
perroquet
81%
des
80%
me
80%
revoir
78%
tu
77%
parti
74%
tot
74%
manquer
73%
vas
73%
animaux
72%
dire
72%
les
72%
se
72%
ciel
70%
sans
70%
beaucoup
69%
mot
69%
ne
69%
plein
69%
vie
69%
dans
68%
ou
66%
tout
66%
dedans
65%
ils
65%
pas
65%
qu'un
65%
cage
64%
etaient
64%
jamais
64%
pleine
64%
vers
64%
cocainomane
62%
dents
62%
fois
62%
nous
62%
etre
61%
facile
61%
faisait
61%
homme
61%
migre
61%
oh
61%
on
61%
que
61%
forme
59%
frerot
59%
coeur
58%
iles
58%
ses
58%
soirees
58%
lieu
57%
tes
57%
l'au-dela
55%
reverra
55%
sera
55%
problemes
54%
racontait
54%
epaule
53%
picorait
53%
cendres
51%
descendre
51%
l'empailler
51%
sur
51%
t'etais
51%
tous
51%
besoin
50%
gentil
49%
renaitras
49%
voulais
49%
j'disais
47%
l'temps
47%
nan
39%
l'repetait
30%
ah
27%
wouoh
8%
Aucun quiz correspondant
Distribution des résultats
% des personnes avec chaque résultat
Percentile par nombre de réponses
Votre historique - résultats
Vous n’avez pas pris ce quiz